- Consejo Nacional para la Cultura y las Artes (México)
Entry Nombre Corporativo
001 - NÚMERO DE CONTROL
- campo de control: 10236
003 - IDENTIFICADOR DE NUMERO DE CONTROL
- campo de control: MX-MxUPN
005 - FECHA Y HORA DE LA ÜLTIMA TRANSACCIÓN
- campo de control: 20240527100933.0
008 - DATOS DE LONGITUD FIJA
- campo de control de longitud fija: 240527n||acannaabn a ana |d
035 ## - NÚMERO DE CONTROL
- Número de control: UPN10000010243
040 ## - FUENTE DE CATALOGACIÓN
- Lenguaje de catalogación: spa
- Agencia transcribe: MX-MxUPN
- Agencia original de catalogación: MX-MxUPN
046 ## - FECHAS ESPECIALES CODIFICADAS
- End period: 20151217
110 2# - ENCABEZAMIENTO - NOMBRE CORPORATIVO
- Nombre corporativo o de jurisdicción como elemento de entrada : Consejo Nacional para la Cultura y las Artes (México)
370 ## - LUGAR ASOCIADO
- Associated country: México
410 2# - MENCIÓN DE REFERENCIA “VÉASE” – NOMBRE DE ENTIDAD CORPORATIVA
- Corporate name or jurisdiction name as entry element: CNCA
410 2# - MENCIÓN DE REFERENCIA “VÉASE” – NOMBRE DE ENTIDAD CORPORATIVA
- Corporate name or jurisdiction name as entry element: CONACULTA
670 ## - FUENTE EN LA QUE SE LOCALIZARON DATOS
- Cita de la fuente : T/P
- Información localizada: Diccionario Porrúa de historia, biografía y geografía de México
670 ## - FUENTE EN LA QUE SE LOCALIZARON DATOS
- Cita de la fuente : Autoridades LC, 27 mayo 2024 :
- Información localizada: (Consejo Nacional para la Cultura y las Artes (Mexico))
- Uniform Resource Identifier: https://lccn.loc.gov/n90635005
902 ## - CATALOGADOR
- Catalogador: MMA/280602
